| 000 | 01263nam a2200253Ia 4500 | ||
|---|---|---|---|
| 999 |
_c43850 _d43850 |
||
| 001 | 10598 | ||
| 003 | GE_BSU | ||
| 005 | 20211207114506.0 | ||
| 008 | 181216s2012||||ge |||||||||||||| ||geo|| | ||
| 020 | _a9992855269 | ||
| 040 | _cGE_BSU | ||
| 041 | _ageo | ||
| 080 | _a005(100)(075.8) შ-48 | ||
| 100 |
_aშენგელია, თეიმურაზ _9814 |
||
| 245 |
_aსაერთაშორისო მენეჯმენტი = International management : _b[სტრატეგიული შესაძლებლობები და კულტურული გამოწვევები] / _cთეიმურაზ შენგელია; რედ. შ. ვეშაპიძე. |
||
| 264 |
_aთბილისი : _bახალი საქართველო, _c2012. |
||
| 300 |
_a724 გვ.; _bცხრ.ნახ. ; _c24 სმ. |
||
| 500 | _aტერმინების განმარტ.ლექსიკონი გვ:675–709. | ||
| 504 | _aბიბლიოგრ. გვ.710–723. | ||
| 541 | _h38ლ. | ||
| 653 | _aსაერთაშორისო მენეჯმენტი | ||
| 700 |
_aვეშაპიძე, შ. _eრედაქტორი _913186 |
||
| 942 |
_cBK _2udc |
||